000 00875nam a22002057a 4500
005 20120803162318.0
010 _aB-477200
020 _a9798188086435
_c600.00
035 _aB-477200
037 _adpl
_bK.K.Pub/Ven
082 _a954.021
100 _aAli Athar
_951367
245 _aMilitary technology and warfare in the sultanate of Delhi (1206-1398 A.D.)
_cby Ali Athar
260 _aNew Delhi
_bIcon Publications Pvt. Ltd.
_c2006
270 _a4331/3 Ansari Road, Darya Ganj
_bNew Delhi
_e110002
300 _a146p.
_c23cm (Hb)
942 _2ddc
_cEN
_mALI
_h954.021
999 _c68861
_d68861